000 00677nam a2200241 a 4500
005 20140310183453.0
008 090723s19uu xx 00 eng d
020 _a9810699972
050 _aHF 5415
_b.D249 2007
100 _aDavid, Fred R.
245 _aAn introduction to strategic management :
_bconcepts and cases /
_cFred R. David.
250 _a11th ed.
260 _aJurong, Singapore :
_bPearson Education South Asia Pte Ltd,
_c2007.
300 _a385 p. :
_c26 cm.
521 _aBSBA
650 _aBSBA.
650 _aStrategic management.
650 _aManagement.
942 _cBK
_2lcc
_kFOR
999 _c23507
_d23507